000 01038cab a2200253 4500
001 ##L134292
008 060724n2006 000 0 eng u
035 _a(Sirsi) u134292
041 0 _aeng
100 1 _aQuinn, David
245 0 0 _aFocus
_bGlos, Hereford, Worcs and Shrops
260 _c2006
490 0 _aEstates Gazette
_v(0629) 22 July 2006, 107-123(10)
520 _aLooks at the boost to further development in the city given by the Gloucester Quays go-ahead; the revisions to plans for Hereford's Edgar Street Grid to integrate it more with the city centre; a rail-linked distribution depot in Telford underlining a return to health of local markets in Shropshire; and shed schemes and the scarce industrial supply in Worcestershire.
590 _aIKA010806
651 4 _aGLOUCESTERSHIRE
651 4 _aHEREFORDSHIRE
651 4 _aSHROPSHIRE
651 4 _aWORCESTERSHIRE
690 _aPROPERTY-COMMERCIAL PROPERTY-COMMERCIAL PROPERTY MARKET
700 1 _aMorrison, Adrian
700 1 _aHalstead, Ian
942 _n0
999 _c77435
_d77435